1270 1977 1060 1985 1447 1255 1495 1671 1157 1258 1164 1932 1837 1579 1558 1650 1672 1648 1855 1826 1889 1484 1156 1733 1182 1287 1959 1905 1676 1479 1007 1061 1756 1411 1342 1912 1317 1616 1550 1787 1340 1079 1293 1093 1468 1202 1702 1155 1974 1068 1803 1548 1376 1593 1513 1659 1453 1152 1722 1715 1819 1666 1180 1980 1387 1470 1027 1309 1181 1330 1282 1548 1727 1482 1946 1639 1113 1286 1126 1448 1312 1704 1937 1744 1916 1813 1062 1934 1059 1238 1613 1770 1182 1019 1321 1822 1386 1974 1538 BCNSPRNW ULIB Ver.6.0+V

เปลี่ยนเป็นภาษาไทย

Change to English
 แสดงรายละเอียดบรรณานุกรม
  กลับหน้าหลัก

Brief Record : Get Marc (ISO 2709) : E-mail record : QR code < ปิดหน้าต่าง
LEADER : 00000nam 2200000uu 4500
001    13399121627
003     ULIB
008    121128s2552||||th 000 0 tha d
020    ^a9740152317
060  4 ^aWS113^bว618ค
100 0  ^aวินัดดา ปิยะศิลป์
245 00 ^aคู่มือการเลี้ยงลูกตอน วัย 6-12 ปี/^cวินัดดา ปิยะศิลป์,บรรณาธิการ
250    ^aพิมพ์ครั้งที่ 1
260    ^aกรุงเทพฯ:^bสถาบันสุขภาพเด็กแห่งชาติมหาราชินี,^c2552
300    ^a110 หน้า
650  7 ^aการเลี้ยงลูก
650  7 ^aพพัฒนาการ
710 2  ^aกรมการแพทย์.^bสถาบันสุขภาพเด็กแห่งชาติมหาราชินี
945    ^p0^l0^i15798
945    ^p0^l0^i15799
995    ^aวิภา
999 ^a ใช้งานได้ทุกระบบ
รายการนี้ยังไม่มีแท็ก
คุณยังไม่ได้ล็อกอิน คุณสามารถมีกิจกรรมร่วมกับเว็บไซต์ได้ แต่ต้องล็อกอินก่อน ::
  ล็อกอิน

รายการสื่อสารสนเทศ

ลำดับที่ ประเภท เลขเรียก/บาร์โค้ด สถานที่ สถานะ
1. วิทยาศาสตร์การแพทย์ และสุขภาพ
วิทยาศาสตร์การแพทย์ และสุขภาพ
WS113 ว618ค  
  Barcode: 15798
ห้องสมุดวิทยาเขตสวรรค์ประชารักษ์
►หนังสือทั่วไป
บนชั้น
2. วิทยาศาสตร์การแพทย์ และสุขภาพ
วิทยาศาสตร์การแพทย์ และสุขภาพ
WS113 ว618ค ฉ.2 
  Barcode: 15799
ห้องสมุดวิทยาเขตสวรรค์ประชารักษ์
►หนังสือทั่วไป
บนชั้น

รายการใกล้เคียง
    ผู้แต่ง [วินัดดา ปิยะศิลป์]

    หัวเรื่อง [การเลี้ยงลูก]
    หัวเรื่อง [พพัฒนาการ]

BibComment


ยังไม่เคยถูกคอมเมนท์

คอมเมนท์ทรัพยากรรายการนี้
  คอมเมนท์: คู่มือการเลี้ยงล..


 Copyright 2026. Bcnsprnw @Library